| 000 | 00649nam a22001575i 4500 | ||
|---|---|---|---|
| 001 | 173926 | ||
| 003 | ES-MaACL | ||
| 005 | 20250909203613.0 | ||
| 008 | 100129s1840 sp |||| | spa d | ||
| 245 | 0 | 4 |
_aUna causa criminal _b: comedia en tres actos / _ctraducida del francés por Gaspar Fernando Coll. |
| 260 |
_aMadrid : _bBoix, _c1840. |
||
| 300 |
_a67 p. ; _c17 cm. |
||
| 700 | 1 |
_aColl, Gaspar Fernando, _d1826-1855 _9126538 |
|
| 852 |
_aES-MaACL _jF-8629(8) _z.- Enc. pasta española _q.- Falto de la cub. original _z.- Enc. en un vol. facticio formando parte de la col. facticia "Teatro español moderno", vol. 84 |
||
| 999 |
_c173926 _d173926 |
||